000
00309nam a22001217a 4500
082
_a
951 SNO
100
_a
SNOW, Edger
245
_a
Red Star over China
260
_a
Middlesex
_b
Penguin Books
_c
1975
300
_a
621 p.
_b
ill.; 20 cm.
500
_a
Includes photos, maps, bibliography and index
942
_c
BK
999
_c
16822
_d
16822